00295nam a22001097a 4500020001800000040000900018082001600027100002200043110002500065245004700090260004800137 a9780746077207 cNUST a823-CHbCOX aCox, Phil Roxbee  aCartwright, Stephen  aGoose On The Loose Usborne Phonics Readers aLondon:bUsborne Publishing Limited,c2006.